| 000 | 00379nam a2200157Ia 4500 | ||
|---|---|---|---|
| 008 | 230524s9999 xx 000 0 und d | ||
| 082 | _bMOH | ||
| 100 |
_aPitabas Mohanty _942690 |
||
| 245 | 0 | _aBusiness Valuation : Text & Cases | |
| 250 | _a1 | ||
| 260 |
_aNew Delhi _bTaxman _c2015 |
||
| 300 | _a436p; | ||
| 500 | _aQuantity Number: 1 | ||
| 650 | _aManagement | ||
| 942 | _cBK | ||
| 999 |
_c57680 _d57680 |
||